<?xml version="1.0" encoding="UTF-8"?>
<record
    xmlns:xsi="http://www.w3.org/2001/XMLSchema-instance"
    xsi:schemaLocation="http://www.loc.gov/MARC21/slim http://www.loc.gov/standards/marcxml/schema/MARC21slim.xsd"
    xmlns="http://www.loc.gov/MARC21/slim">

  <leader>00450    a2200133   4500</leader>
  <controlfield tag="001">ART_4727</controlfield>
  <controlfield tag="005">20260410161824.0</controlfield>
  <controlfield tag="008">260409a                                 </controlfield>
  <datafield tag="245" ind1="1" ind2="0">
    <subfield code="a">Nueva tecnolog&#xED;as y empleo en el grupo INI</subfield>
  </datafield>
  <datafield tag="100" ind1="1" ind2=" ">
    <subfield code="a">Cuenca Valdivia, Miguel</subfield>
  </datafield>
  <datafield tag="700" ind1="1" ind2=" ">
    <subfield code="a">N&#xFA;&#xF1;ez Domingo, Pedro Pablo</subfield>
  </datafield>
  <datafield tag="700" ind1="1" ind2=" ">
    <subfield code="a">Garc&#xED;a Gotor, Mar&#xED;a Dolores</subfield>
  </datafield>
  <datafield tag="773" ind1="0" ind2=" ">
    <subfield code="t">Revista de trabajo</subfield>
    <subfield code="g">Formaci&#xF3;n profesional - A&#xF1;o 1, N&#xBA; 1 (mar./abr. 1994)</subfield>
    <subfield code="w">REV4713</subfield>
  </datafield>
  <datafield tag="999" ind1=" " ind2=" ">
    <subfield code="c">22610</subfield>
    <subfield code="d">22610</subfield>
  </datafield>
</record>
